000 01397nam a22002777a 4500
001 7086
003 FISKH
005 20250620132215.0
008 250620b cb ||||| |||| 00| 0 eng d
020 _a9789814230100
040 _aFISKH
_beng
_cFISKH
_dFISKH
050 _aPZ7
082 _a398.2
100 _aAnonymous
245 _aThe Bee and the Dove and other stories /
260 _aSelangor :
_bFuture Ace Publishing,
_c2004.
300 _a18 pages :
_bcolor illustrations ;
_c18 cm
505 _aJ
520 _aThe Bee and the Dove and Other Stories is a collection of classic Aesop’s fables retold in simple language for young readers. Each story teaches a moral lesson through the actions of animals and nature. In the title story, a bee falls into a stream and is rescued by a kind dove. Later, when a hunter aims to shoot the dove, the bee returns the kindness by stinging the hunter, saving the dove. This fable teaches the importance of kindness and gratitude—that even small creatures can make a big difference. Other stories in the book carry similar moral messages about honesty, friendship, helping others, and being wise.
521 8 _a500
_bLexile estimate
521 8 _aJ
_bRaz-Plus
650 _aAesop’s Fables
_vGratitude
_xAnimal Stories
650 _aMoral Stories
_vFriendship
_xKindness
942 _2ddc
_cBK
_n0
999 _c7086
_d7086